000 00545nam a22001697a 4500
005 20251108164018.0
008 250721s1978 xx 000 0 ara d
082 1 4 _a189/حزم
100 1 _aإبن حزم، أبو محمد علي بن أحمد بن سعيد
245 1 0 _aالأخلاق و السير في مداواة النفوس /
264 1 _aبيروت :
_bدار الآفاق الجديدة،
_c1978.
300 _a96ص
650 1 7 _aالفلسفة الإسلامية
650 1 7 _aالأخلاق
942 _2ddc
_cBK
999 _c1377
_d1377